Elenca la formazione - Finale UEFA Champions League 1993-1994 - Statistics

Statistiche generali
  • Questo quiz è stato fatto 32 volte
  • Il punteggio medio è 11 su 22
Statistiche sulle risposte
Ruolo Nazione Calciatore % Corretto
Difensore Italia Paolo Maldini
97%
Portiere Italia Sebastiano Rossi
79%
Difensore Italia Mauro Tassotti
76%
Attaccante Brasile Romário
72%
Attaccante Italia Daniele Massaro
69%
Attaccante Jugoslavia Dejan Savićević
69%
Centrocampista Italia Roberto Donadoni
69%
Centrocampista Francia Marcel Desailly
66%
Difensore Paesi Bass Ronald Koeman
66%
Centrocampista Italia Demetrio Albertini
62%
Centrocampista Spagna Josep Guardiola
62%
Centrocampista Croazia Zvonimir Boban
62%
Attaccante Bulgaria Hristo Stoičkov
55%
Difensore Italia Filippo Galli
45%
Portiere Spagna Andoni Zubizarreta
34%
Difensore Italia Christian Panucci
31%
Difensore Spagna Miguel Ángel Nadal
28%
Centrocampista Spagna Guillermo Amor
21%
Difensore Spagna Sergi
21%
Difensore Spagna Albert Ferrer
14%
Centrocampista Spagna José Mari Bakero
7%
Attaccante Spagna Txiki Begiristain
7%
Nessun quiz corrispondente trovato
Distribuzione punteggi
Percentuale di utenti per punteggio
Percentile per numero di risposta
I tuoi punteggi nel tempo
Non hai fatto questo quiz